Los Proyectos educativos de ciudad (PEC) : análisis de la experiencia acumulada : nueva propuesta metodológica análisis de la experiencia acumulada :
ISBN:
84-9803-147-8
Descripción Física:
111 p. : quadres ; 28 cm
Colección:
Guías metodológicas ; 7
MARC
| LEADER | 00000nam a2200000Ia 4500 | ||
|---|---|---|---|
| 001 | 18237 | ||
| 008 | 160829s2006 xx 000 0 cat d | ||
| 020 | |a 84-9803-147-8 | ||
| 080 | |a E-1-274 | ||
| 245 | |a Los Proyectos educativos de ciudad (PEC) : |b análisis de la experiencia acumulada : |b nueva propuesta metodológica | ||
| 260 | |a Barcelona : |b Diputació de Barcelona. Àrea d'Educació, |c 2006 | ||
| 300 | |a 111 p. : |b quadres ; |c 28 cm | ||
| 490 | |a Guías metodológicas ; 7 | ||
| 590 | |a Hi ha un exemplar en català amb R. 17146 | ||
| 650 | |a Projecte educatiu de ciutat |9 39276 | ||
| 650 | 0 | |a Educació no-formal |9 39118 | |
| 650 | |a Participació social |9 19717 | ||
| 710 | |a Barcelona (Catalunya : Província). |b Àrea d'Educació |9 8009 | ||
| 901 | |a Arxiu | ||
| 942 | |n 1 | ||
| 952 | |0 0 |1 0 |4 0 |6 E1274 |7 1 |9 48904 |a Arxiu |b Arxiu |d 2016-12-01 |l 0 |o E-1-274 |p 18237 |r 2016-12-01 00:00:00 |w 2016-12-01 |y ARXIU | ||
| 999 | |c 52739 |d 52739 | ||